ARRUPE JESUIT UNIVERSITY

CORONAVIRUS -STOP THE SPREAD - CLEAN,DISINFECT,COVER

The colonial reckoning. (Record no. 125196)

MARC details
000 -LEADER
fixed length control field 00604cam a2200217u 4500
001 - CONTROL NUMBER
control field 10311605
003 - CONTROL NUMBER IDENTIFIER
control field ARRUPE
005 - DATE AND TIME OF LATEST TRANSACTION
control field 20160913090002.0
008 - FIXED-LENGTH DATA ELEMENTS--GENERAL INFORMATION
fixed length control field 811204s1961 enk 000 0 eng
010 ## - LIBRARY OF CONGRESS CONTROL NUMBER
LC control number 62006102
040 ## - CATALOGING SOURCE
Original cataloging agency DLC
Transcribing agency CarP
Modifying agency DLC
043 ## - GEOGRAPHIC AREA CODE
Geographic area code f------
050 00 - LIBRARY OF CONGRESS CALL NUMBER
Classification number DT31
Item number .P37 1961
300 ## - PHYSICAL DESCRIPTION
Dimensions 21 cm.
100 1# - MAIN ENTRY--PERSONAL NAME
Personal name Perham, Margery,
Dates associated with a name 1895-1982.
9 (RLIN) 25625
245 14 - TITLE STATEMENT
Title The colonial reckoning.
Statement of responsibility, etc Margery Perham
260 ## - PUBLICATION, DISTRIBUTION, ETC. (IMPRINT)
Place of publication, distribution, etc London,
Name of publisher, distributor, etc Collins
Date of publication, distribution, etc 1961
300 ## - PHYSICAL DESCRIPTION
Extent 160 p.
650 #0 - SUBJECT ADDED ENTRY--TOPICAL TERM
Topical term or geographic name as entry element Nationalism
Geographic subdivision Africa.
9 (RLIN) 9483
906 ## - LOCAL DATA ELEMENT F, LDF (RLIN)
a 0
b cbc
c premunv
d u
e ncip
f 19
g y-gencatlg
942 ## - ADDED ENTRY ELEMENTS (KOHA)
Source of classification or shelving scheme Library of Congress Classification
Koha item type Monograph ( Printed materials)
Holdings
Withdrawn status Lost status Source of classification or shelving scheme Damaged status Not for loan Collection code Home library Current library Shelving location Date acquired Total Checkouts Full call number Barcode Date last seen Date checked out Price effective from Koha item type
    Library of Congress Classification     Main Collection ARRUPE LIBRARY ARRUPE LIBRARY Main Collection 13/09/2016 1 DT31 .P37 1961 46500010179 30/08/2018 30/08/2018 13/09/2016 Monograph ( Printed materials)

 

Arrupe Library. PO Box MP320 Mt Pleasant, Harare, Zimbabwe
263 242 745411|librarian@aju.ac.zw